000 00669cam a2200217 i 4500
999 _c3828
_d3828
001 4022
003 BD-DhUAP
005 20200312143803.0
008 200312r19921980ii a b 000 0 eng
020 _a81859203x
040 _aBD-DhUAP
_bEng
_cBD-DhUAP
_dBD-DhUAP
082 0 0 _223
_a428.1 OCO
100 1 _aO'Connor, J. D.
245 1 0 _aBetter English pronunciation /
_cJ. D. O'Connor.
250 _a2d ed.
260 _aNew Delhi :
_bUniversal book stall,
_cc1980 [Reprinted 1992].
300 _ax, 150 pages :
_billustrations ;
_c21 cm.
650 0 _aEnglish language
_xTextbooks for foreign speakers.
650 0 _aEnglish language
_xPronunciation.
942 _2ddc
_cBK